000 00490nam a22001457a 4500
003 MACL
005 20200202171012.0
008 200202b xxu||||| |||| 00| 0 eng d
040 _cMACL
100 _aअजितकुमार
_978012
245 _aहरिवंशराय बच्‍चन रचना संचयन
260 _aनई दिल्‍ली
_b साहित्‍य अकादेमी
_c2016
650 _aरचनावली
_9163
942 _2ddc
_cHIN
999 _c61933
_d61933